<?xml version="1.0" encoding="UTF-8"?>
<record
    xmlns:xsi="http://www.w3.org/2001/XMLSchema-instance"
    xsi:schemaLocation="http://www.loc.gov/MARC21/slim http://www.loc.gov/standards/marcxml/schema/MARC21slim.xsd"
    xmlns="http://www.loc.gov/MARC21/slim">

  <leader>00646nam a22001811a 4500</leader>
  <controlfield tag="001">18967</controlfield>
  <controlfield tag="003">OSt</controlfield>
  <controlfield tag="005">20260204212431.0</controlfield>
  <controlfield tag="008">181108s2018||||dr ||||||b||||||||||spa||</controlfield>
  <datafield tag="090" ind1=" " ind2=" ">
    <subfield code="a">ET-2018-137</subfield>
  </datafield>
  <datafield tag="100" ind1=" " ind2=" ">
    <subfield code="a">Alejo Almonte, Rosanna</subfield>
  </datafield>
  <datafield tag="245" ind1=" " ind2=" ">
    <subfield code="a">Uso del entorno natural para eficientizar el proceso de aprendizaje de los ni&#xF1;os del Distrito 16-01/Rosanna Alejo Almonte, Ana Mar&#xED;a V&#xE1;squez y Magali Mercedes canario.Asesora:Melania Mirambeaux Cass&#xF3;,M.A</subfield>
  </datafield>
  <datafield tag="264" ind1=" " ind2=" ">
    <subfield code="a">Cotu&#xED;:El Autor</subfield>
  </datafield>
  <datafield tag="300" ind1=" " ind2=" ">
    <subfield code="a">74 p.</subfield>
  </datafield>
  <datafield tag="502" ind1=" " ind2=" ">
    <subfield code="a">Tesis (Licenciatura en Educaci&#xF3;n, Menci&#xF3;n B&#xE1;sica)</subfield>
  </datafield>
  <datafield tag="650" ind1=" " ind2=" ">
    <subfield code="a">Educaci&#xF3;n B&#xE1;sica&#xCC;</subfield>
  </datafield>
  <datafield tag="942" ind1=" " ind2=" ">
    <subfield code="2">ddc</subfield>
    <subfield code="c">TH</subfield>
  </datafield>
  <datafield tag="999" ind1=" " ind2=" ">
    <subfield code="c">18967</subfield>
    <subfield code="d">18967</subfield>
  </datafield>
</record>
